HIGH COURT CRIMINAL SESSION NO.199 OF 1974 Uganda Vs Ahamada Mukasa (Record no. 7715)

MARC details
000 -LEADER
fixed length control field 00309nam a22000977a 4500
008 - FIXED-LENGTH DATA ELEMENTS--GENERAL INFORMATION
fixed length control field 150713b xxu||||| |||| 00| 0 eng d
010 ## - LIBRARY OF CONGRESS CONTROL NUMBER
Field link and sequence number HCCRSARF:025
245 ## - TITLE STATEMENT
Title HIGH COURT CRIMINAL SESSION NO.199 OF 1974 Uganda Vs Ahamada Mukasa
260 ## - PUBLICATION, DISTRIBUTION, ETC. (IMPRINT)
Place of publication, distribution, etc High Court Kampala
500 ## - GENERAL NOTE
Materials specified BEFORE: Hon. Mr. Justice F.K. Butagira
Holdings
Withdrawn status Lost status Source of classification or shelving scheme Damaged status Koha normalized classification for sorting Not for loan Location (home branch) Sublocation or collection (holding branch) Shelving location Date acquired Koha issues (times borrowed) Koha full call number Piece designation (barcode) Koha date last seen Price effective from Koha item type Public note
    Dewey Decimal Classification   HCCRSARF_25   Archives Archives Archives 07/13/2015   HCCRSARF:25 2647/2015 07/13/2015 07/13/2015 Un Reported Cases Judgement entered on 7th/November/1974
    Dewey Decimal Classification   HCCRSARF_25   Archives Archives Archives 07/13/2015   HCCRSARF:25 2650/2015 07/13/2015 07/13/2015 Un Reported Cases Judgement entered on 7th/November/1974